Statistiken für Welthauptstädte in 90 Sekunden Karten Quiz

Klicken Sie hier um das Quiz zu spielen!

Allgemein

  • Dieses Quiz wurde 172 mal gespielt
  • Das Durchschnittsergebnis liegt bei 21 aus 196

Antworten auf der Karte

Die Antworten werden auf der Karte rot bzw. grün angezeigt, abhängig davon wie oft sie richtig erraten wurden.
 

Antwortstatistiken

CountryCapital City% Korrekt
GermanyBerlin
72%
South AfricaPretoria, Cape Town
or Bloemfontein
66%
FranceParis
63%
RussiaMoskau
61%
United KingdomLondon
54%
SpainMadrid
52%
United StatesWashington D.C.
52%
ItalyRom
51%
NorwayOslo
48%
ChinaPeking
46%
SwedenStockholm
45%
BrazilBrasília
44%
IrelandDublin
42%
MexicoMexiko-Stadt
42%
JapanTokio
41%
PortugalLissabon
40%
FinlandHelsinki
39%
AustriaWien
39%
CanadaOttawa
38%
Sri LankaSri
Jayawardenepura
Kotte
34%
AustraliaCanberra
33%
SwitzerlandBern
31%
PolandWarschau
30%
AndorraAndorra
la Vella
29%
NetherlandsAmsterdam
27%
GreeceAthen
27%
BelgiumBrüssel
27%
IcelandReykjavík
27%
UkraineKiew
24%
BruneiBandar Seri
Begawan
23%
DenmarkKopenhagen
23%
EgyptKairo
22%
LatviaRiga
22%
PeruLima
21%
BelarusMinsk
20%
ChileSantiago
20%
South KoreaSeoul
19%
ColombiaBogotá
18%
New ZealandWellington
18%
IndiaNeu-Delhi
17%
BeninPorto-Novo or
Cotonou
17%
Czech RepublicPrag
16%
EstoniaTallinn
16%
IndonesiaJakarta
15%
BoliviaLa Paz or Sucre
15%
EcuadorQuito
15%
Saudi ArabiaRiad
15%
CroatiaZagreb
15%
ArgentinaBuenos Aires
14%
LuxembourgLuxemburg
14%
TurkeyAnkara
13%
UruguayMontevideo
13%
BulgariaSofia
13%
LiechtensteinVaduz
13%
AlgeriaAlgier
12%
HungaryBudapest
12%
MonacoMonaco
12%
AlbaniaTirana
12%
TunisiaTunis
12%
MoroccoRabat
11%
MongoliaUlaanbaatar
11%
Vatican CityVatikanstadt
11%
LithuaniaVilnius
11%
PhilippinesManila
10%
RomaniaBukarest
9%
East TimorDili
9%
PanamaPanama-Stadt
9%
ParaguayAsunción
8%
ThailandBangkok
8%
VenezuelaCaracas
8%
CubaHavanna
8%
KenyaNairobi
8%
IranTeheran
8%
San MarinoSan Marino
7%
Bosnia and
Herzegovina
Sarajevo
7%
IraqBagdad
6%
SerbiaBelgrad
6%
SenegalDakar
6%
VietnamHanoi
6%
JamaicaKingston
6%
Saint Vincent and the
Grenadines
Kingstown
6%
Democratic Republic
of the Congo
Kinshasa
6%
SloveniaLjubljana
6%
TogoLomé
6%
MaldivesMalé
6%
El SalvadorSan Salvador
6%
MacedoniaSkopje
6%
LibyaTripolis
6%
MaltaValletta
6%
SlovakiaBratislava
5%
BangladeshDhaka
5%
South SudanJuba
5%
AngolaLuanda
5%
SingaporeSingapur
5%
GeorgiaTiflis
5%
NigeriaAbuja
4%
GhanaAccra
4%
SamoaApia
4%
KazakhstanAstana
4%
QatarDoha
4%
GuatemalaGuatemala-Stadt
4%
PakistanIslamabad
4%
AfghanistanKabul
4%
SudanKhartum
4%
YemenSanaa
4%
Costa RicaSan José
4%
TaiwanTaipeh
4%
NamibiaWindhoek
4%
EthiopiaAddis Abeba
3%
JordanAmman
3%
BelizeBelmopan
3%
SyriaDamaskus
3%
GuyanaGeorgetown
3%
MalaysiaKuala Lumpur
3%
NicaraguaManagua
3%
BahrainManama
3%
LesothoMaseru
3%
OmanMaskat
3%
BahamasNassau
3%
MontenegroPodgorica
3%
KosovoPriština
3%
FijiSuva
3%
NauruYaren
3%
United Arab
Emirates
Abu Dhabi
2%
MadagascarAntananarivo
2%
AzerbaijanBaku
2%
Saint Kitts and NevisBasseterre
2%
Saint LuciaCastries
2%
TanzaniaDodoma
2%
IsraelJerusalem
2%
ZambiaLusaka
2%
Equatorial GuineaMalabo
2%
MozambiqueMaputo
2%
ComorosMoroni
2%
CyprusNikosia
2%
SurinameParamaribo
2%
HaitiPort-au-Prince
2%
Papua New
Guinea
Port Moresby
2%
Dominican
Republic
Santo Domingo
2%
HondurasTegucigalpa
2%
BhutanThimphu
2%
SeychellesVictoria
2%
LebanonBeirut
1%
KyrgyzstanBischkek
1%
BarbadosBridgetown
1%
BurundiBujumbura
1%
MoldovaChișinău
1%
DjiboutiDschibuti
1%
TuvaluFunafuti
1%
ZimbabweHarare
1%
Solomon IslandsHoniara
1%
ArmeniaJerewan
1%
NepalKathmandu
1%
RwandaKigali
1%
KuwaitKuwait-Stadt
1%
Marshall IslandsMajuro
1%
SwazilandMbabane
1%
SomaliaMogadischu
1%
Federated States of
Micronesia
Palikir
1%
CambodiaPhnom Penh
1%
North KoreaPjöngjang
1%
MauritiusPort Louis
1%
VanuatuPort Vila
1%
Cape VerdePraia
1%
DominicaRoseau
1%
GrenadaSaint George's
1%
Antigua and BarbudaSaint John's
1%
São Tomé and PríncipeSão Tomé und Príncipe
1%
KiribatiSouth Tarawa
1%
LaosVientiane
1%
TurkmenistanAşgabat
0%
EritreaAsmara
0%
MaliBamako
0%
Central African
Republic
Bangui
0%
GambiaBanjul
0%
Guinea-BissauBissau
0%
Republic of the CongoBrazzaville
0%
GuineaConakry
0%
TajikistanDuschanbe
0%
Sierra LeoneFreetown
0%
BotswanaGaborone
0%
CameroonJaunde
0%
UgandaKampala
0%
GabonLibreville
0%
MalawiLilongwe
0%
LiberiaMonrovia
0%
MyanmarNaypyidaw
0%
ChadN'Djamena
0%
PalauNgerulmud
0%
NigerNiamey
0%
MauritaniaNouakchott
0%
TongaNukuʻalofa
0%
Burkina FasoOuagadougou
0%
Trinidad and TobagoPort-of-Spain
0%
UzbekistanTaschkent
0%
Ivory CoastYamoussoukro
0%

Verteilung der Resultate

Perzentil nach korrekt beantworteten Fragen

Anzahl Personen mit jedem Resultat

Ihre Resultats-Entwicklung

Sie haben dieses Quiz noch nicht gespielt